000 00655nam a22001817a 4500
003 OSt
005 20140808213003.0
008 130722b xxu||||| |||| 00| 0 eng d
040 _aBMC
_cBMC
082 _a613.20432
245 0 3 _aLa alimentación del lactante y del niño pequeño
_b: capítulo modelo para libros de texto dirigidos a estudiantes de medicina y otras ciencias de la salud
260 _aWashington
_bOrganización Panamericana de la Salud
_c2010
300 _a108 p.
_b28 cm
650 2 4 _92741
_aLactantes
_xAlimentación
650 2 4 _92836
_aNiños
_xAlimentación
710 2 1 _92838
_aOrganización Panamericana de la Salud
942 _2ddc
_cBK
999 _c1641
_d1641